| 000 | 00572nam a2200193 i 4500 | ||
|---|---|---|---|
| 001 | 33196 | ||
| 003 | ES-MaACL | ||
| 005 | 20230906154719.0 | ||
| 007 | t| | ||
| 008 | 030201s1969 sp ||||1| spa d | ||
| 245 | 0 | 0 |
_aBiblioteca románica hispánica : _blibro de índices. |
| 260 |
_aMadrid : _bGredos, _c[1969] |
||
| 300 |
_a687 p. ; _c21 cm. |
||
| 490 | 1 | _aBiblioteca románica hispánica | |
| 630 | 0 |
_aBiblioteca románica hispánica- _vÍndices. _9171989 |
|
| 830 | 1 |
_aBiblioteca románica hispánica _9180746 |
|
| 852 |
_aES-MaACL _jC-39419 |
||
| 999 |
_c33196 _d33196 |
||